000 00391cam a2200169 4500
001 D13089
008 090401t1893 xxu||||| |||| 00| 0 eng d
035 _a(Sirsi) u7710
041 _aeng
100 _aJames, Charles Ashworth
245 _aMining royalties
260 _aLondon
_bLongmans Green and Co
_c1893
350 _a0
520 _aShelf 183
942 _n0
948 _c04/03/1997
999 _c86432
_d86432